000 00536nam a2200193 a 4500
001 1770284919975
003 YourLibrary
005 20260205152336.0
008 260205s2003##################000#0#eng##
020 _a9781858988351
082 0 4 _a330.95
_bCAM
100 1 _aCamilleri, Joseph A.,
_eauthor.
245 1 0 _aRegionalism in the New Asia-Pacific Order :
260 _bEdward Elgar Publishing,
_c2003.
300 _a440 pages
650 0 _aBusiness & Economics.
942 _cENGLISH
040 _aYourLibrary
_beng
_cYourLibrary
999 _c610331
_d610331